La dinámica de una iglesia que crece / Fred Smith (Registro nro. 39997)
[ vista simple ]
| 000 -LÍDER | |
|---|---|
| Campo fijo de descripción fija | 010060000a22001930004500 |
| 020 ## - NÚMERO INTERNACIONAL NORMALIZADO PARA LIBROS | |
| Número Internacional Normalizado del libro | 950-759-078-1 |
| 082 04 - NÚMERO DE CLASIFICACIÓN DECIMAL DEWEY | |
| Número de clasificación | G 269.4 S6421d |
| 001 - NÚMERO DE CONTROL | |
| Campo de control | 10446 |
| 100 1# - ASIENTO PRINCIPAL--NOMBRE PERSONAL | |
| Nombre personal | Smith, Fred |
| 245 10 - TÍTULO | |
| Título del Material | La dinámica de una iglesia que crece / Fred Smith |
| 260 ## - PUBLICACIÓN, DISTRIBUCIÓN, ETC. (PIE DE IMPRENTA) | |
| Lugar de publicación, distribución, etc. | Buenos Aires : Alianza |
| 300 ## - DESCRIPCIÓN FÍSICA | |
| Extensión | 319 p. |
| 336 ## - CONTENT TYPE | |
| Content type term | texto |
| Content type code | txt |
| Source | rdacontent |
| 337 ## - MEDIA TYPE | |
| Source | rdamedia |
| Media type term | sin mediación |
| Media type code | n |
| 338 ## - CARRIER TYPE | |
| Source | rdacarrier |
| Carrier type term | volumen |
| Carrier type code | nc |
| 505 00 - NOTA DE CONTENIDO | |
| Nota de contenido con formato preestablecido | El crecimiento de la iglesia de Jesucristo -- La base bíblica del desarrollo de la iglesia -- La trinidad y la cantidad -- La trinidad y la calidad -- Las enfermedades eclesiásticas -- La biblia y las enfermedades de la iglesia -- El ser humano y las enfermedades de la iglesia -- Principios del crecimiento de la iglesia -- Los principios sociológicos y el crecimiento de la iglesia -- La extensión del reino -- Pautas y herramientas para medir el crecimiento |
| 650 14 - ASIENTO SECUNDARIO DE MATERIA - TERMINO TEMÁTICO | |
| Término temático o nombre geográfico como elemento de entrada | IGLESIA \ EDUCACION RELIGIOSA \ IGLESIA LOCAL - GOBIERNO Y ADMINISTRACIÓN |
| 942 ## - TIPO DE MATERIAL (KOHA) | |
| Tipo de Item KOHA | Libros General |
| Estado de Material | Estado de Perdido | Estado de Dañado | No para Préstamo | Colección | Tomo | Biblioteca de Origen | Biblioteca Permanente | Fecha de Adquisición | Total de Préstamos | Signatura Topográfica | Código de Barras | Última vez visto | Última vez Préstado | Ejemplar/Existencia | Fecha de Remplazo | Tipo de Material |
|---|---|---|---|---|---|---|---|---|---|---|---|---|---|---|---|---|
| Colección General | Biblioteca FUSBC | Biblioteca FUSBC | 19/10/2012 | 2 | G 269.4 S6421d | 17500 | 12/12/2019 | 30/10/2019 | 2016-12-02 | 26/01/2016 | Libros General |
